Central Library OPAC University of Rajshahi

Contributions to Arabic linguistics / (Record no. 7794)

MARC details
000 -LEADER
fixed length control field 01164cam a2200289 i 4500
001 - CONTROL NUMBER
control field 7794
003 - CONTROL NUMBER IDENTIFIER
rucl marc code BD-RjUL
005 - DATE AND TIME OF LATEST TRANSACTION
control field 20211208234458.0
008 - FIXED-LENGTH DATA ELEMENTS--GENERAL INFORMATION
fixed length control field 14 t1964 e b 000 0 eng d
035 ## - SYSTEM CONTROL NUMBER
System control number (BD-RjUL)7838
040 ## - CATALOGING SOURCE
Original cataloging agency ZYU
Transcribing agency ZYU
Modifying agency OCL
-- OCLCQ
-- NLGGC
-- BD-RjUL
Language of cataloging eng
041 ## - LANGUAGE CODE
Language code of text/sound track or separate title eng
082 04 - DEWEY DECIMAL CLASSIFICATION NUMBER
Edition number 16
Classification number 492.7
Author mark and year CON 1964
245 00 - TITLE STATEMENT
Title Contributions to Arabic linguistics /
Statement of responsibility, etc. Charles A. Ferguson, editor.
260 ## - PUBLICATION, DISTRIBUTION, ETC. (IMPRINT)
Place of publication, distribution, etc. Cambridge ;
-- Mass. :
Name of publisher, distributor, etc. Distributed for the Center for Middle Eastern studies of Harvard University by Harvard University Press,
Date of publication, distribution, etc. 1964
300 ## - PHYSICAL DESCRIPTION
Pagination 161 p. ;
Size 22 cm.
504 ## - BIBLIOGRAPHY, ETC. NOTE
Bibliography, etc Includes bibliographical references (p. 159-161).
650 #0 - SUBJECT ADDED ENTRY--TOPICAL TERM
Topical term or geographic name as entry element Arabic language
General subdivision Dialects.
9 (RLIN) 24318
Topical term or geographic name as entry element Arabic language
General subdivision Dialects
Geographic subdivision Egypt.
9 (RLIN) 24319
700 1# - ADDED ENTRY--PERSONAL NAME
Personal name Ferguson, Charles A.
Fuller form of name (Charles Albert),
Dates associated with a name 1921-1998.
Personal name Blanc, Haim.
Personal name Harrell, Richard S.
Fuller form of name (Richard Slade),
Dates associated with a name 1928-1964.
830 #0 - SERIES ADDED ENTRY--UNIFORM TITLE
Volume number/sequential designation 3
830 #0 - SERIES ADDED ENTRY--UNIFORM TITLE
Uniform title Harvard Middle Eastern monographs ; v-3
942 ## - ADDED ENTRY ELEMENTS (KOHA)
Source of classification or shelving scheme Dewey Decimal Classification
Koha item type Books
Holdings
Lost status Source of classification or shelving scheme Damaged status Not for loan Collection code Permanent Location Current Location Shelving location Date acquired Source of acquisition Cost, normal purchase price Total Checkouts Full call number Date last seen Copy number Koha item type
  Dewey Decimal Classification     Non-fiction Central Library, University of Rajshahi Central Library, University of Rajshahi   15/02/1967 Sa.rehd. asraf. 10.00   492.7 CON 1964 15/01/2014 C-3 Books
  Dewey Decimal Classification   Not For Loan Non-fiction Central Library, University of Rajshahi Central Library, University of Rajshahi   15/02/1967 Ashraf. 10.00   492.7 CON 1964 16/01/2014 C-1 Books